[Event "Paul Keres mem (25th)"]
[Site "Vancouver CAN"]
[Date "2000.05.18"]
[Round "6"]
[White "Haukenfrers, Dale"]
[Black "Remedios, Russell"]
[Result "1-0"]
[WhiteElo "2206"]
[BlackElo "2050"]
[PlyCount "109"]
[GameId "2160767911716057"]
[EventDate "2000.05.13"]
[EventType "swiss"]
[EventRounds "10"]
[EventCountry "CAN"]
[SourceTitle "The Week in Chess 290"]
[Source "Mark Crowther"]
[SourceDate "2000.05.30"]
[SourceVersion "1"]
[SourceVersionDate "2000.05.30"]
[SourceQuality "2"]

1. e4 c5 2. Nf3 d6 3. d4 cxd4 4. Nxd4 Nf6 5. Nc3 g6 6. Be3 Bg7 7. f3 O-O 8. Qd2 Nc6 9. O-O-O Nxd4 10. Bxd4 Be6 11. Kb1 Qc7 12. h4 Rfc8 13. h5 Qa5 14. Bxf6 Bxf6 15. Nd5 Qxd2 16. Nxf6+ Kg7 17. Rxd2 Kxf6 18. g4 g5 19. h6 Ke5 20. Bd3 f6 21. Kc1 Bc4 22. Kd1 Bxd3 23. Rxd3 Rc5 24. c3 Rac8 25. Ke2 Kf4 26. Rhd1 a5 27. Rd4 Ke5 28. Ke3 b6 29. Rd5+ Ke6 30. f4 Kf7 31. f5 Ke8 32. R1d4 Kd7 33. Kd3 R8c6 34. Ra4 Kc7 35. Rxc5 dxc5 36. Kc4 Kb7 37. Kb5 Rd6 38. e5 Rd2 39. Re4 Rxb2+ 40. Kc4 Rxa2 41. exf6 exf6 42. Re7+ Kc6 43. Re6+ Kc7 44. Rxf6 Ra4+ 45. Kd5 Rxg4 46. Rf7+ Kd8 47. Rxh7 a4 48. Rh8+ Ke7 49. h7 Rh4 50. Ra8 g4 51. h8=Q Rxh8 52. Rxh8 g3 53. Rg8 a3 54. Rxg3 a2 55. Rg1 1-0

[Event "Paul Keres mem (25th)"]
[Site "Vancouver CAN"]
[Date "2000.05.18"]
[Round "6"]
[White "Heinola, Kari"]
[Black "Sokourinski, Sergei"]
[Result "1/2-1/2"]
[WhiteElo "2174"]
[BlackElo "2125"]
[PlyCount "55"]
[GameId "2160767911716058"]
[EventDate "2000.05.13"]
[EventType "swiss"]
[EventRounds "10"]
[EventCountry "CAN"]
[SourceTitle "CBM 076 Extra"]
[Source "ChessBase"]
[SourceDate "2000.07.11"]
[SourceVersion "1"]
[SourceVersionDate "2000.07.11"]
[SourceQuality "1"]

1. f4 d5 2. Nf3 Nf6 3. e3 g6 4. b3 Bg7 5. Bb2 O-O 6. Be2 c5 7. O-O Nc6 8. Ne5 Be6 9. Nxc6 bxc6 10. Qe1 d4 11. Na3 Qa5 12. Bc4 Bd5 13. d3 Qxe1 14. Raxe1 dxe3 15. Bc1 Nd7 16. Bxe3 e6 17. Nb1 a5 18. a4 Bd4 19. Nd2 Rfc8 20. Ne4 Bxe4 21. dxe4 Nb6 22. Bd3 Re8 23. Kh1 Bxe3 24. Rxe3 Rad8 25. Rf2 Nd7 26. Kg1 Re7 27. Re1 Nb6 28. Rff1 1/2-1/2

[Event "Paul Keres mem (25th)"]
[Site "Vancouver CAN"]
[Date "2000.05.18"]
[Round "6"]
[White "Herder, David"]
[Black "Vaglio Munoz, Jaime"]
[Result "1-0"]
[WhiteElo "2263"]
[BlackElo "2235"]
[PlyCount "125"]
[GameId "2160767911716059"]
[EventDate "2000.05.13"]
[EventType "swiss"]
[EventRounds "10"]
[EventCountry "CAN"]
[SourceTitle "CBM 076 Extra"]
[Source "ChessBase"]
[SourceDate "2000.07.11"]
[SourceVersion "1"]
[SourceVersionDate "2000.07.11"]
[SourceQuality "1"]

1. d4 d5 2. Nf3 Nf6 3. c4 dxc4 4. e3 Bg4 5. Bxc4 e6 6. h3 Bh5 7. Qb3 Bxf3 8. gxf3 Nbd7 9. Nc3 Nb6 10. Be2 Be7 11. Rg1 O-O 12. Bd2 a5 13. Rc1 Bb4 14. a3 Bxc3 15. Bxc3 Nbd5 16. Bd2 Nh5 17. f4 Qh4 18. Bxh5 Qxh5 19. e4 Nf6 20. Rg5 Qh4 21. Qf3 Rad8 22. Be3 b6 23. Rxc7 Rc8 24. Rc3 h6 25. Rb5 Nd7 26. Bd2 Qf6 27. Qe3 Qg6 28. Kf1 Nf6 29. Re5 Nd7 30. Rb5 Nf6 31. f3 Qg3 32. Qf2 Qxh3+ 33. Qg2 Qxg2+ 34. Kxg2 Nd7 35. Kf2 f6 36. f5 Kf7 37. Ke2 Rfd8 38. fxe6+ Kxe6 39. Bf4 Rxc3 40. bxc3 g5 41. Bh2 Rc8 42. Kd3 Ke7 43. c4 Ke6 44. Rd5 h5 45. f4 Rg8 46. f5+ Ke7 47. e5 fxe5 48. dxe5 h4 49. f6+ Nxf6 50. exf6+ Kxf6 51. Rd6+ Kf5 52. Rxb6 Kg4 53. Be5 Kf3 54. Rh6 Kg2 55. c5 h3 56. c6 g4 57. c7 g3 58. Rh8 h2 59. Rxg8 h1=Q 60. Rxg3+ Kf2 61. c8=Q Qd5+ 62. Kc2 Qa2+ 63. Kc1 1-0

[Event "Paul Keres mem (25th)"]
[Site "Vancouver CAN"]
[Date "2000.05.18"]
[Round "6"]
[White "Ivkov, Borislav"]
[Black "Donaldson, John"]
[Result "1/2-1/2"]
[WhiteElo "2450"]
[BlackElo "2399"]
[PlyCount "24"]
[GameId "2160767911716060"]
[EventDate "2000.05.13"]
[EventType "swiss"]
[EventRounds "10"]
[EventCountry "CAN"]
[SourceTitle "CBM 076 Extra"]
[Source "ChessBase"]
[SourceDate "2000.07.11"]
[SourceVersion "1"]
[SourceVersionDate "2000.07.11"]
[SourceQuality "1"]

1. e4 c5 2. Nf3 d6 3. Bb5+ Bd7 4. Bxd7+ Nxd7 5. O-O Ngf6 6. Re1 e6 7. c3 Be7 8. d4 cxd4 9. cxd4 d5 10. e5 Ne4 11. Nbd2 Nxd2 12. Bxd2 O-O 1/2-1/2

[Event "Paul Keres mem (25th)"]
[Site "Vancouver CAN"]
[Date "2000.05.18"]
[Round "6"]
[White "Jiganchine, Roman"]
[Black "Williamson, James"]
[Result "1-0"]
[WhiteElo "2189"]
[BlackElo "2008"]
[PlyCount "59"]
[GameId "2160767911716061"]
[EventDate "2000.05.13"]
[EventType "swiss"]
[EventRounds "10"]
[EventCountry "CAN"]
[SourceTitle "The Week in Chess 290"]
[Source "Mark Crowther"]
[SourceDate "2000.05.30"]
[SourceVersion "1"]
[SourceVersionDate "2000.05.30"]
[SourceQuality "2"]

1. e4 c5 2. c3 d5 3. exd5 Qxd5 4. d4 Nc6 5. Nf3 Bg4 6. Be2 Nf6 7. h3 Bh5 8. c4 Qd7 9. d5 Bxf3 10. Bxf3 Nd4 11. O-O Qf5 12. Nc3 Nxf3+ 13. Qxf3 Qxf3 14. gxf3 a6 15. Ne4 Nd7 16. Re1 O-O-O 17. Ng5 g6 18. Nxf7 Rg8 19. Nxd8 Kxd8 20. Bg5 h6 21. Bh4 g5 22. Bg3 Bg7 23. Rab1 h5 24. Re6 Bd4 25. b3 g4 26. fxg4 hxg4 27. h4 Nf6 28. Kg2 Rf8 29. Rbe1 Nh5 30. R1e2 1-0

[Event "Paul Keres mem (25th)"]
[Site "Vancouver CAN"]
[Date "2000.05.18"]
[Round "6"]
[White "Jimenez Molina, Juan Leon"]
[Black "Vetemaa, Juri"]
[Result "1/2-1/2"]
[WhiteElo "2208"]
[BlackElo "2287"]
[PlyCount "28"]
[GameId "2160767911716062"]
[EventDate "2000.05.13"]
[EventType "swiss"]
[EventRounds "10"]
[EventCountry "CAN"]
[SourceTitle "CBM 076 Extra"]
[Source "ChessBase"]
[SourceDate "2000.07.11"]
[SourceVersion "1"]
[SourceVersionDate "2000.07.11"]
[SourceQuality "1"]

1. Nf3 Nf6 2. g3 g6 3. Bg2 Bg7 4. O-O O-O 5. d4 d6 6. b3 e5 7. dxe5 Ng4 8. Bb2 Nc6 9. c4 Ngxe5 10. Nc3 Nxf3+ 11. Bxf3 Bh3 12. Re1 Qd7 13. Qd2 Rae8 14. Nd5 Ne5 1/2-1/2

[Event "Paul Keres mem (25th)"]
[Site "Vancouver CAN"]
[Date "2000.05.18"]
[Round "6"]
[White "Niksic, John"]
[Black "Neff, Elliott"]
[Result "1/2-1/2"]
[WhiteElo "2125"]
[BlackElo "2123"]
[PlyCount "81"]
[GameId "2160767911716063"]
[EventDate "2000.05.13"]
[EventType "swiss"]
[EventRounds "10"]
[EventCountry "CAN"]
[SourceTitle "The Week in Chess 290"]
[Source "Mark Crowther"]
[SourceDate "2000.05.30"]
[SourceVersion "1"]
[SourceVersionDate "2000.05.30"]
[SourceQuality "2"]

1. d4 Nf6 2. Nf3 g6 3. c4 Bg7 4. g3 O-O 5. Bg2 d6 6. Nc3 Nbd7 7. O-O e5 8. h3 Re8 9. Re1 a5 10. b3 exd4 11. Nxd4 Nc5 12. e4 Nfd7 13. Be3 Ne5 14. Qc2 c6 15. Rad1 Qe7 16. f4 Ned7 17. Rd2 Nf6 18. Bf2 Nh5 19. Red1 Bf8 20. Nde2 f5 21. Bxc5 dxc5 22. e5 Ng7 23. Na4 Qc7 24. Kh1 Ne6 25. Qc3 Be7 26. Qf3 Rd8 27. g4 Rxd2 28. Rxd2 Ng7 29. g5 Bd7 30. Qe3 Ne6 31. h4 Rd8 32. Rd3 Be8 33. Qd2 Rxd3 34. Qxd3 Qd8 35. Qxd8 Bxd8 36. Kg1 Kf7 37. Kf2 Ke7 38. Ke3 Kd7 39. Bh3 Ke7 40. h5 b6 41. Nb2 1/2-1/2

[Event "Paul Keres mem (25th)"]
[Site "Vancouver CAN"]
[Date "2000.05.18"]
[Round "6"]
[White "Pupols, Viktors"]
[Black "Mazock, Michael"]
[Result "0-1"]
[WhiteElo "2242"]
[BlackElo "2227"]
[PlyCount "124"]
[GameId "2160767911716064"]
[EventDate "2000.05.13"]
[EventType "swiss"]
[EventRounds "10"]
[EventCountry "CAN"]
[SourceTitle "The Week in Chess 290"]
[Source "Mark Crowther"]
[SourceDate "2000.05.30"]
[SourceVersion "1"]
[SourceVersionDate "2000.05.30"]
[SourceQuality "2"]

1. c4 c6 2. Nf3 d5 3. b3 Bg4 4. e3 e6 5. Bb2 Nd7 6. Be2 Ngf6 7. O-O Bd6 8. d4 Qc7 9. c5 Bxf3 10. gxf3 Bxh2+ 11. Kg2 Qb8 12. f4 Bxf4 13. exf4 Qxf4 14. Qd3 Ne4 15. Qe3 Qf6 16. Nc3 Qg6+ 17. Kh2 f5 18. Rg1 Qf6 19. Nxe4 dxe4 20. b4 Qh4+ 21. Kg2 Qe7 22. Kf1 Nf6 23. Bc4 Nd5 24. Bxd5 exd5 25. Qg3 O-O 26. Bc1 Qf6 27. Bf4 Qxd4 28. Be5 Qc4+ 29. Kg2 Rf7 30. Kh1 Qe2 31. Rg2 Qf3 32. Qxf3 exf3 33. Rg3 Re8 34. Bd6 Re4 35. a3 Rh4+ 36. Kg1 Rg4 37. Re1 g5 38. Re6 Kg7 39. Be5+ Kf8 40. Bd6+ Kg7 41. Re3 Rxg3+ 42. fxg3 g4 43. Re6 Rd7 44. Kf2 Kf7 45. Rh6 Kg7 46. Rh1 Kf6 47. Rh6+ Kg7 48. Re6 Kf7 49. Re5 Kf6 50. Re8 Kf7 51. Ra8 a6 52. Rh8 Ke6 53. Re8+ Kf7 54. Re1 Kf6 55. Be5+ Kf7 56. Bd4 Re7 57. Rxe7+ Kxe7 58. Ke3 Kf7 59. Kf4 Kg6 60. Ke5 Kg5 61. Bf2 h6 62. Bd4 f4 0-1

[Event "Paul Keres mem (25th)"]
[Site "Vancouver CAN"]
[Date "2000.05.18"]
[Round "6"]
[White "Stanford, Mike"]
[Black "Fullbrook, Nigel"]
[Result "1/2-1/2"]
[WhiteElo "2010"]
[BlackElo "2260"]
[PlyCount "105"]
[GameId "2160767911716065"]
[EventDate "2000.05.13"]
[EventType "swiss"]
[EventRounds "10"]
[EventCountry "CAN"]
[SourceTitle "The Week in Chess 290"]
[Source "Mark Crowther"]
[SourceDate "2000.05.30"]
[SourceVersion "1"]
[SourceVersionDate "2000.05.30"]
[SourceQuality "2"]

1. e4 c5 2. Nf3 d6 3. d4 cxd4 4. Nxd4 Nf6 5. Nc3 g6 6. Be3 Bg7 7. f3 Nc6 8. Qd2 Bd7 9. g4 Rc8 10. O-O-O Ne5 11. h4 h5 12. g5 Nh7 13. f4 Nc4 14. Bxc4 Rxc4 15. f5 O-O 16. Kb1 Bxd4 17. Bxd4 gxf5 18. Qd3 Qc8 19. Nd5 Re8 20. Ne3 Rxd4 21. Qxd4 f4 22. Nf5 Bxf5 23. exf5 Qxf5 24. Rhf1 e5 25. Qxd6 Nf8 26. Qd5 Ng6 27. Qf3 Qg4 28. Qxb7 e4 29. Qc6 Qc8 30. Qf6 e3 31. Rde1 e2 32. Rf2 Qg4 33. Kc1 Qxh4 34. Rfxe2 Rxe2 35. Rxe2 Qh1+ 36. Kd2 Qd5+ 37. Kc1 h4 38. Rd2 Qe6 39. Qxe6 fxe6 40. c4 Ne5 41. c5 f3 42. b4 h3 43. b5 f2 44. Rxf2 Nd3+ 45. Kc2 Nxf2 46. b6 h2 47. b7 h1=Q 48. b8=Q+ Kh7 49. g6+ Kxg6 50. Qg3+ Kf6 51. Qxf2+ Ke7 52. Qd4 Qg2+ 53. Kb1 1/2-1/2

[Event "Paul Keres mem (25th)"]
[Site "Vancouver CAN"]
[Date "2000.05.18"]
[Round "6"]
[White "Wu, Howard"]
[Black "Harris, Philip"]
[Result "1-0"]
[WhiteElo "2178"]
[BlackElo "2009"]
[PlyCount "65"]
[GameId "2160767911716066"]
[EventDate "2000.05.13"]
[EventType "swiss"]
[EventRounds "10"]
[EventCountry "CAN"]
[SourceTitle "The Week in Chess 290"]
[Source "Mark Crowther"]
[SourceDate "2000.05.30"]
[SourceVersion "1"]
[SourceVersionDate "2000.05.30"]
[SourceQuality "2"]

1. e4 c6 2. d4 d5 3. exd5 cxd5 4. c4 Nf6 5. Nc3 e6 6. Nf3 Be7 7. Bf4 O-O 8. c5 a5 9. Na4 Nfd7 10. Rc1 Na6 11. Bb5 Nc7 12. Be2 Na6 13. O-O Nb4 14. a3 Nc6 15. Re1 Nf6 16. Nb6 Ra7 17. Bd3 Nh5 18. Bd2 g6 19. b4 axb4 20. axb4 Bf6 21. Bc3 Bd7 22. b5 Ne7 23. Bb4 Re8 24. Ne5 Bxe5 25. dxe5 Nc8 26. Nxc8 Bxc8 27. c6 bxc6 28. bxc6 Nf4 29. Bb5 Qb6 30. Bc5 Qxb5 31. Bxa7 Nd3 32. Rb1 Qa6 33. Ra1 1-0

[Event "Paul Keres mem (25th)"]
[Site "Vancouver CAN"]
[Date "2000.05.19"]
[Round "7"]
[White "Basanta, Gary"]
[Black "Haukenfrers, Dale"]
[Result "1-0"]
[WhiteElo "2321"]
[BlackElo "2206"]
[PlyCount "69"]
[GameId "2160767911716067"]
[EventDate "2000.05.13"]
[EventType "swiss"]
[EventRounds "10"]
[EventCountry "CAN"]
[SourceTitle "The Week in Chess 290"]
[Source "Mark Crowther"]
[SourceDate "2000.05.30"]
[SourceVersion "1"]
[SourceVersionDate "2000.05.30"]
[SourceQuality "2"]

1. e4 d6 2. d4 Nf6 3. f3 c6 4. c4 e5 5. Nc3 Nbd7 6. Be3 a6 7. g4 h6 8. Nge2 b5 9. Ng3 Rb8 10. cxb5 axb5 11. d5 cxd5 12. Nxd5 Nxd5 13. Qxd5 Bb7 14. Qd2 d5 15. exd5 Qf6 16. Be2 Qd6 17. Rd1 Qb4 18. O-O Qxd2 19. Rxd2 Bb4 20. Rdd1 O-O 21. Bxb5 Nf6 22. Bc4 Rfd8 23. Rd3 e4 24. Nxe4 Nxe4 25. fxe4 Re8 26. Rb3 Rxe4 27. Rxb4 Rxg4+ 28. Kf2 Rxc4 29. Rxc4 Ba6 30. b3 Bxc4 31. bxc4 Rb2+ 32. Kf3 Rxh2 33. d6 Kf8 34. d7 Ke7 35. Rd1 1-0

[Event "Paul Keres mem (25th)"]
[Site "Vancouver CAN"]
[Date "2000.05.19"]
[Round "7"]
[White "Berrocoso, Tony"]
[Black "Neff, Elliott"]
[Result "1-0"]
[WhiteElo "2088"]
[BlackElo "2123"]
[PlyCount "81"]
[GameId "2160767911716068"]
[EventDate "2000.05.13"]
[EventType "swiss"]
[EventRounds "10"]
[EventCountry "CAN"]
[SourceTitle "The Week in Chess 290"]
[Source "Mark Crowther"]
[SourceDate "2000.05.30"]
[SourceVersion "1"]
[SourceVersionDate "2000.05.30"]
[SourceQuality "2"]

1. d4 Nf6 2. Nf3 g6 3. Nc3 d5 4. Bf4 Bg7 5. e3 b6 6. Be2 Bb7 7. Ne5 a6 8. Bg5 Nbd7 9. f4 c5 10. O-O Qc7 11. Qd2 Rd8 12. Nxd7 Rxd7 13. Bxf6 Bxf6 14. Bg4 e6 15. Ne2 a5 16. c3 Be7 17. Ng3 Ba6 18. Rfe1 f5 19. Be2 Bxe2 20. Nxe2 Kf7 21. Kh1 h6 22. Ng1 Bf6 23. Nf3 g5 24. Qe2 Qc8 25. Qb5 Qc7 26. Qe2 Qc6 27. a4 Rb7 28. Rec1 c4 29. Rf1 Ke7 30. Qc2 g4 31. Nd2 b5 32. axb5 Rxb5 33. Qa4 Rhb8 34. b3 cxb3 35. Nxb3 Kf7 36. Nc5 Be7 37. Nd3 Bd6 38. Rfc1 Rc8 39. Kg1 Kf6 40. Kf2 Qc7 41. Qxb5 1-0

[Event "Paul Keres mem (25th)"]
[Site "Vancouver CAN"]
[Date "2000.05.19"]
[Round "7"]
[White "Franett, Michael"]
[Black "Pechisker, Alfred"]
[Result "1/2-1/2"]
[WhiteElo "2125"]
[BlackElo "2035"]
[PlyCount "51"]
[GameId "2160767911716069"]
[EventDate "2000.05.13"]
[EventType "swiss"]
[EventRounds "10"]
[EventCountry "CAN"]
[SourceTitle "The Week in Chess 290"]
[Source "Mark Crowther"]
[SourceDate "2000.05.30"]
[SourceVersion "1"]
[SourceVersionDate "2000.05.30"]
[SourceQuality "2"]

1. d4 Nf6 2. c4 c5 3. d5 b5 4. Nf3 g6 5. Qc2 b4 6. e4 d6 7. b3 Bg7 8. Bb2 O-O 9. Bd3 Nbd7 10. O-O Ng4 11. Bxg7 Kxg7 12. Qb2+ Kg8 13. Bc2 f6 14. h3 Nge5 15. Ne1 g5 16. Nd2 Rf7 17. g3 Rg7 18. Ng2 Nf8 19. g4 h5 20. f3 hxg4 21. hxg4 Nfg6 22. Kf2 Bd7 23. Rh1 Rh7 24. Rxh7 Kxh7 25. Rh1+ Kg7 26. a4 1/2-1/2

[Event "Paul Keres mem (25th)"]
[Site "Vancouver CAN"]
[Date "2000.05.19"]
[Round "7"]
[White "Gibney, Eugene"]
[Black "Vaglio Munoz, Jaime"]
[Result "1/2-1/2"]
[WhiteElo "2214"]
[BlackElo "2235"]
[PlyCount "44"]
[GameId "2160767911716070"]
[EventDate "2000.05.13"]
[EventType "swiss"]
[EventRounds "10"]
[EventCountry "CAN"]
[SourceTitle "The Week in Chess 290"]
[Source "Mark Crowther"]
[SourceDate "2000.05.30"]
[SourceVersion "1"]
[SourceVersionDate "2000.05.30"]
[SourceQuality "2"]

1. e4 e6 2. d4 d5 3. Nc3 dxe4 4. Nxe4 Nf6 5. Nxf6+ Qxf6 6. Nf3 h6 7. h4 Nc6 8. Bd3 Bd7 9. Be3 e5 10. Qe2 O-O-O 11. dxe5 Nxe5 12. Nxe5 Qxe5 13. O-O-O Bc5 14. Bxc5 Qxc5 15. Qf3 Be6 16. Be4 c6 17. a3 h5 18. Rxd8+ Rxd8 19. Bd3 g6 20. Re1 Qd4 21. g3 Rd6 22. Qe3 Qa4 1/2-1/2

[Event "Paul Keres mem (25th)"]
[Site "Vancouver CAN"]
[Date "2000.05.19"]
[Round "7"]
[White "Haessel, Dale"]
[Black "Remedios, Russell"]
[Result "0-1"]
[WhiteElo "2161"]
[BlackElo "2050"]
[PlyCount "46"]
[GameId "2160767911716072"]
[EventDate "2000.05.13"]
[EventType "swiss"]
[EventRounds "10"]
[EventCountry "CAN"]
[SourceTitle "The Week in Chess 290"]
[Source "Mark Crowther"]
[SourceDate "2000.05.30"]
[SourceVersion "1"]
[SourceVersionDate "2000.05.30"]
[SourceQuality "2"]

1. c4 c5 2. g3 g6 3. Bg2 Bg7 4. Nc3 Nf6 5. a3 Nc6 6. Rb1 a5 7. Nf3 O-O 8. O-O d6 9. d3 Rb8 10. Ne1 Bd7 11. Nc2 Na7 12. b4 axb4 13. axb4 cxb4 14. Nxb4 b5 15. Be3 Qa5 16. Qd2 bxc4 17. Ra1 Qxb4 18. Rfb1 Ne4 19. Bxe4 Qxc3 20. Qxc3 Bxc3 21. Rxb8 Rxb8 22. Rxa7 cxd3 23. Rxd7 dxe2 0-1

[Event "Paul Keres mem (25th)"]
[Site "Vancouver CAN"]
[Date "2000.05.19"]
[Round "7"]
[White "Harris, Philip"]
[Black "Nathani, Kaleim"]
[Result "0-1"]
[WhiteElo "2009"]
[BlackElo "1887"]
[PlyCount "74"]
[GameId "2160767911716074"]
[EventDate "2000.05.13"]
[EventType "swiss"]
[EventRounds "10"]
[EventCountry "CAN"]
[SourceTitle "The Week in Chess 290"]
[Source "Mark Crowther"]
[SourceDate "2000.05.30"]
[SourceVersion "1"]
[SourceVersionDate "2000.05.30"]
[SourceQuality "2"]

1. e4 d5 2. exd5 Nf6 3. d4 Bg4 4. Be2 Bxe2 5. Qxe2 Qxd5 6. Nf3 Nc6 7. c4 Qf5 8. a3 O-O-O 9. Be3 e6 10. Nc3 h5 11. b4 h4 12. b5 Na5 13. O-O h3 14. g3 Nxc4 15. a4 Nd5 16. Rfc1 Na5 17. Nxd5 exd5 18. Nd2 Bb4 19. Rab1 Bxd2 20. Bxd2 Nc4 21. Rb3 Rhe8 22. Qd3 Qxd3 23. Rxd3 Re2 24. Bc3 Rde8 25. Rf3 f6 26. g4 Rh8 27. Kf1 Ra2 28. Re1 Nd2+ 29. Bxd2 Rxd2 30. Re7 Rxd4 31. Rxg7 Rxa4 32. Rxf6 d4 33. Rff7 Rc4 34. Ke2 Rd8 35. Rf3 Rc2+ 36. Kd1 d3 37. Rg5 d2 0-1

[Event "Paul Keres mem (25th)"]
[Site "Vancouver CAN"]
[Date "2000.05.19"]
[Round "7"]
[White "Heinola, Kari"]
[Black "Pechisker, Alfred"]
[Result "1-0"]
[WhiteElo "2174"]
[BlackElo "2035"]
[PlyCount "84"]
[GameId "2160767911716075"]
[EventDate "2000.05.13"]
[EventType "swiss"]
[EventRounds "10"]
[EventCountry "CAN"]
[SourceTitle "CBM 076 Extra"]
[Source "ChessBase"]
[SourceDate "2000.07.11"]
[SourceVersion "1"]
[SourceVersionDate "2000.07.11"]
[SourceQuality "1"]

1. f4 d5 2. Nf3 c5 3. e3 Nc6 4. Bb5 Bd7 5. b3 Nf6 6. Bb2 e6 7. O-O Be7 8. d3 Qb6 9. Bxc6 Bxc6 10. Ne5 Rf8 11. Nd2 O-O-O 12. a3 g6 13. b4 Nd7 14. c4 Nxe5 15. fxe5 cxb4 16. Bd4 Bc5 17. Bxc5 Qxc5 18. d4 Qe7 19. axb4 Qxb4 20. Qc2 Qe7 21. Rxa7 Qg5 22. Qc3 f6 23. cxd5 exd5 24. Rc1 fxe5 25. Rxb7 Rd6 26. Qb3 exd4 27. Rb8+ Kd7 28. Rxf8 Qxe3+ 29. Qxe3 dxe3 30. Nf3 d4 31. Ne5+ Ke7 32. Rh8 Bb5 33. Rxh7+ Ke6 34. Nxg6 d3 35. Nf4+ Ke5 36. Nxd3+ Bxd3 37. Rh3 Kd4 38. Rd1 e2 39. Re1 Kc3 40. Kf2 Rf6+ 41. Rf3 Rg6 42. Rxd3+ Kxd3 1-0

[Event "Paul Keres mem (25th)"]
[Site "Vancouver CAN"]
[Date "2000.05.19"]
[Round "7"]
[White "Hladek, David"]
[Black "Niksic, John"]
[Result "1-0"]
[WhiteElo "2063"]
[BlackElo "2125"]
[PlyCount "77"]
[GameId "2160767911716076"]
[EventDate "2000.05.13"]
[EventType "swiss"]
[EventRounds "10"]
[EventCountry "CAN"]
[SourceTitle "The Week in Chess 290"]
[Source "Mark Crowther"]
[SourceDate "2000.05.30"]
[SourceVersion "1"]
[SourceVersionDate "2000.05.30"]
[SourceQuality "2"]

1. Nf3 Nf6 2. g3 b6 3. Bg2 Bb7 4. O-O c5 5. c4 e6 6. d3 Be7 7. e4 d6 8. Nc3 a6 9. Ne1 Nfd7 10. f4 Bf6 11. Nf3 Nc6 12. g4 g6 13. Qe2 Qc7 14. Be3 h6 15. Rab1 O-O-O 16. a3 Bd4 17. Qf2 g5 18. Nxd4 cxd4 19. Bxd4 Nxd4 20. Qxd4 gxf4 21. b4 h5 22. g5 h4 23. Nb5 axb5 24. cxb5 e5 25. Qb2 h3 26. Rfc1 Nc5 27. Bf3 Kb8 28. bxc5 dxc5 29. Rd1 Rhg8 30. a4 Rxg5+ 31. Kh1 Rd4 32. a5 bxa5 33. b6 Qd8 34. Qb5 Rb4 35. Rxb4 cxb4 36. Qxa5 Rg6 37. Qa7+ Kc8 38. Rc1+ Rc6 39. Bg4+ 1-0

[Event "Paul Keres mem (25th)"]
[Site "Vancouver CAN"]
[Date "2000.05.19"]
[Round "7"]
[White "Ivankovic, Goran"]
[Black "Mazock, Michael"]
[Result "1/2-1/2"]
[WhiteElo "1981"]
[BlackElo "2227"]
[PlyCount "25"]
[GameId "2160767911716077"]
[EventDate "2000.05.13"]
[EventType "swiss"]
[EventRounds "10"]
[EventCountry "CAN"]
[SourceTitle "The Week in Chess 290"]
[Source "Mark Crowther"]
[SourceDate "2000.05.30"]
[SourceVersion "1"]
[SourceVersionDate "2000.05.30"]
[SourceQuality "2"]

1. Nf3 d5 2. b3 Bg4 3. e3 Nf6 4. Be2 e6 5. Bb2 Nbd7 6. d3 Bb4+ 7. Nbd2 Qe7 8. a3 Ba5 9. c4 c6 10. Ne5 Nxe5 11. Bxe5 Bxe2 12. Qxe2 Bc7 13. Nf3 1/2-1/2

[Event "Paul Keres mem (25th)"]
[Site "Vancouver CAN"]
[Date "2000.05.19"]
[Round "7"]
[White "Ivankovic, Goran"]
[Black "Stanford, Mike"]
[Result "1/2-1/2"]
[WhiteElo "1981"]
[BlackElo "2010"]
[PlyCount "31"]
[GameId "2160767911716078"]
[EventDate "2000.05.13"]
[EventType "swiss"]
[EventRounds "10"]
[EventCountry "CAN"]
[SourceTitle "The Week in Chess 290"]
[Source "Mark Crowther"]
[SourceDate "2000.05.30"]
[SourceVersion "1"]
[SourceVersionDate "2000.05.30"]
[SourceQuality "2"]

1. e4 e6 2. d4 d5 3. exd5 exd5 4. Nf3 Nf6 5. Bd3 Be7 6. O-O O-O 7. c3 Ne4 8. Bf4 g5 9. Be3 f5 10. Ne5 f4 11. Bc1 Nd7 12. Qc2 Nxe5 13. dxe5 Bf5 14. b4 c6 15. a4 a5 16. Ba3 1/2-1/2

[Event "Paul Keres mem (25th)"]
[Site "Vancouver CAN"]
[Date "2000.05.19"]
[Round "7"]
[White "Ivkov, Borislav"]
[Black "Herder, David"]
[Result "1-0"]
[WhiteElo "2450"]
[BlackElo "2263"]
[PlyCount "89"]
[GameId "2160767911716079"]
[EventDate "2000.05.13"]
[EventType "swiss"]
[EventRounds "10"]
[EventCountry "CAN"]
[SourceTitle "CBM 076 Extra"]
[Source "ChessBase"]
[SourceDate "2000.07.11"]
[SourceVersion "1"]
[SourceVersionDate "2000.07.11"]
[SourceQuality "1"]

1. Nf3 d6 2. d4 Bg4 3. e4 c6 4. c4 g6 5. Nc3 Bg7 6. Be3 Nf6 7. Be2 Na6 8. O-O O-O 9. Rc1 Re8 10. a3 Nc7 11. h3 Bxf3 12. Bxf3 e5 13. d5 c5 14. b4 b6 15. Rb1 h6 16. bxc5 dxc5 17. a4 Qd6 18. a5 Reb8 19. Qa4 Bf8 20. Ra1 bxa5 21. Qxa5 Rb4 22. Be2 Nd7 23. Bd2 Nb6 24. Qa2 Qd7 25. Nb1 Ra4 26. Na3 Ra6 27. Qb3 Ne8 28. Bc3 Bg7 29. Nb5 Rxa1 30. Rxa1 a6 31. Na3 Rb8 32. Nb1 Qb7 33. Qa3 Nd6 34. Nd2 Nd7 35. Qxa6 Qxa6 36. Rxa6 Rb6 37. Rxb6 Nxb6 38. Ba5 Nd7 39. Bd1 f5 40. Ba4 Nf6 41. exf5 gxf5 42. Bb6 Nfe4 43. Nxe4 Nxc4 44. Bxc5 fxe4 45. d6 1-0